000 00294nam a2200121Ia 4500
008 190216s9999||||xx |||||||||||||| ||und||
100 _aSamuel Conte And Boor
245 0 _aElementary Numerical Analysis
260 _bMcgraw -hill
_c1980
300 _a432
650 _aMathematics
942 _cBK
999 _c30730
_d30730